00575nam a2200145 a 4500008004100000020001500041050002200056100002400078245011600102260003900218300002100257350000900278490005600287650008600343120416s1996 ||||||||||||||||| || u a0821337386 aIBRD-IFC(08)DP/30 aKarmokolias, Yannis10aCost benefit analysis of the private sector environmental investments: a case study of the Kunda Cement Factory aWashington, D.C.bWorld Bankc1996 avii, 32p. : ill. a0.00 aInternational Finance Corporation Discussion Papers aCEMENT INDUSTRY--WASTE DISPOSAL--ESTONIA--KUNDA--COST EFFECTIVENESS--CASE STUDIES